|
|
|
|
| LEADER |
01315nam a2200289 u 4500 |
| 001 |
10086492 |
| 003 |
upatras |
| 005 |
20231101113944.0 |
| 008 |
100806s1990 gr gre |
| 020 |
|
|
|a 960726715X
|
| 040 |
|
|
|a GR-PaULI
|c GR-PaULI
|
| 041 |
0 |
|
|a gre
|
| 082 |
0 |
4 |
|a 910.92
|
| 100 |
1 |
|
|a Λάζος, Χρήστος Δ.,
|d 1946-
|9 588
|
| 245 |
1 |
0 |
|a Έλληνες στην ανακάλυψη και εξερεύνηση της Αμερικής
|c Χρήστος Δ. Λάζος
|
| 260 |
|
|
|a Αθήνα
|b Αίολος
|c 1990
|
| 300 |
|
|
|a 192 σ.
|b εικ., χάρτες
|c 21 εκ.
|
| 490 |
0 |
|
|a Άγνωστες πτυχές της ελληνικής ιστορίας
|
| 504 |
|
|
|a Περιλαμβάνει βιβλιογραφία
|
| 650 |
|
4 |
|a Εξερευνητές
|9 61627
|
| 651 |
|
4 |
|a Αμερική
|x Ανακάλυψη και εξερεύνηση
|9 128548
|
| 760 |
0 |
|
|a Άγνωστες πτυχές της ελληνικής ιστορίας
|
| 852 |
|
|
|a GR-PaULI
|b ΠΑΤΡΑ
|b ΒΚΠ
|b ΑΝΤ
|k ΟΧΙΔ
|h 910.92 ΛΑΖ
|m 048798
|p 025000064942
|t 1
|
| 942 |
|
|
|2 ddc
|c BKN
|
| 952 |
|
|
|0 0
|1 0
|4 0
|6 910_920000000000000_ΛΑΖ
|7 0
|9 92745
|a LISP
|b LISP
|c DON
|d 2016-04-24
|i 048798
|l 0
|o 910.92 ΛΑΖ
|p 025000064942
|r 2016-04-24 00:00:00
|t 1
|w 2016-04-24
|y BKN
|
| 998 |
|
|
|c ΛΑΜΠΡΟΠΟΥΛΟΥ
|d 2010-08
|
| 999 |
|
|
|c 62242
|d 62242
|